000 01256nam0a2200361 4500
001 RU\NLR\bibl\407742
005 20250622170258.0
010 _a5-7024-1525-6
_957000
021 _aRU
_b2003-17817
_9815
035 _a(NLR Aleph) 000401835
090 _a580084
_c580084
100 _a20030530d2003 |||y0rusy50 ca
101 1 _arus
_ceng
102 _aRU
105 _ay |||||||||
200 1 _aВремя выбирать
_eРоман
_fПатриция Хорст
_g[Пер. с англ. Д.И. Кочерги]
210 _aМ.
_cПанорама
_d2003
215 _a189,[1] с.
_d17
225 1 _aПанорама романов о любви
_eПериод. лит.-худож. альм.
_v03-056
311 _aПрил. к междунар. журн. "Панорама"
422 0 _12001#$aПанорама
_tПанорама
610 0 _aЛюбовь (х. л.)
675 _a821.111(73)-31Хорст
_v3
_zrus
686 _a17.82
_2rugasnti
686 _a84(7Сое)-44
_2rubbk
686 _aШ6(7США)67-440.4{Лх1979-50}
700 1 _aХорст
_bП.
_gПатриция
_4070
801 0 _aRU
_bRKP
_c20030530
_gPSBO
801 1 _aRU
_bRKP
_c20030530
801 2 _aRU
_bNLR
_c20030704
_grcr
942 _cBOOK
980 _aNB